000 00651cam a2200205 4500
001 D15091
008 090401t1963 xxu||||| |||| 00| 0 eng d
035 _a(Sirsi) u94950
041 _aeng
050 _a692.30994
110 _aRoyal Institution of Chartered Surveyors
_94900
245 _aAustralian standard method of measurement of building works, authorised by agreement between the Institute of Quantity Surveyors (Aust.) and the Master Builders` Federation of Australia.
250 _a2nd
260 _bIQS/MBFA
_c1963
300 _av. 60p
350 _a0
520 _aFiled in SMM Box 1963/40 AB
942 _n0
948 _c04/03/1997
999 _c98233
_d98233